[Event "BL2-Nord 2223"]
[Site "Germany"]
[Date "2023.02.25"]
[Round "7.4"]
[White "Mueller, Nick"]
[Black "Colbow, Collin"]
[Result "0-1"]
[WhiteElo "2368"]
[BlackElo "2379"]
[PlyCount "72"]
[EventDate "2022.10.22"]
[EventType "team-tourn"]
[EventRounds "10"]
[EventCountry "GER"]
[SourceTitle "EXT 2024"]
[Source "ChessBase"]
[SourceDate "2023.10.10"]
[SourceVersion "1"]
[SourceVersionDate "2023.10.10"]
[SourceQuality "1"]
[WhiteTeam "Koenig Tegel"]
[BlackTeam "Werder Bremen II"]
[WhiteTeamCountry "GER"]
[BlackTeamCountry "GER"]

1. d4 Nf6 2. c4 e6 3. g3 d5 4. Bg2 dxc4 5. Nf3 c6 6. 0-0 b5 7. Ne5 Nd5 8. a4 a6 9. e4 Nc7 10. Qh5 g6 11. Qf3 f6 12. Ng4 Bg7 13. Rd1 0-0 14. b3 h5 15. Ne3 cxb3 16. Bb2 Nd7 17. Nd2 Rb8 18. a5 Bb7 19. Nxb3 f5 20. Qf4 fxe4 21. Qxe4 Qe8 22. Qc2 Nd5 23. Re1 Qf7 24. Ba3 c5 25. Nxd5 Bxd5 26. Bxd5 exd5 27. dxc5 Ne5 28. Nd4 Ng4 29. Rad1 Nxf2 30. Rd2 Ne4 31. c6 b4 32. c7 Nxd2 33. Qxd2 Qxc7 34. Bb2 b3 35. Kh1 Qf7 36. Kg2 Rbc8 0-1

[Event "BL2-Nord 2223"]
[Site "Germany"]
[Date "2023.02.04"]
[Round "5.3"]
[White "Mueller, Nick"]
[Black "Feuerstack, Aljoscha"]
[Result "1-0"]
[WhiteElo "2368"]
[BlackElo "2464"]
[PlyCount "147"]
[EventDate "2022.10.22"]
[EventType "team-tourn"]
[EventRounds "10"]
[EventCountry "GER"]
[SourceTitle "EXT 2024"]
[Source "ChessBase"]
[SourceDate "2023.10.10"]
[SourceVersion "1"]
[SourceVersionDate "2023.10.10"]
[SourceQuality "1"]
[WhiteTeam "Koenig Tegel"]
[BlackTeam "St Pauli"]
[WhiteTeamCountry "GER"]
[BlackTeamCountry "GER"]

1. d4 d5 2. c4 e6 3. Nf3 Nf6 4. g3 dxc4 5. Bg2 Bb4+ 6. Bd2 a5 7. 0-0 0-0 8. Bg5 h6 9. Bxf6 Qxf6 10. a3 Bd6 11. Qa4 Nc6 12. Qxc4 e5 13. d5 Nb8 14. Nc3 Bf5 15. Nd2 Nd7 16. Nde4 Qe7 17. Rac1 Nb6 18. Qd3 a4 19. Rfd1 Ra5 20. Qf3 Bg6 21. Na2 Nxd5 22. e3 Qe6 23. Nxd6 cxd6 24. Nc3 Nxc3 25. Rxc3 d5 26. Qe2 Rd8 27. Rc7 Qb6 28. Re7 Rb5 29. Rd2 f6 30. Bh3 Rc5 31. Qg4 Kh7 32. Bf1 Qc6 33. h4 h5 34. Qb4 b5 35. Kh2 d4 36. exd4 Rc1 37. d5 Qb6 38. Bg2 Rc4 39. Re6 Qb7 40. Re7 Qb6 41. Re6 Qb7 42. Qa5 Qd7 43. Rb6 Be4 44. Qxb5 Bxg2 45. Qxd7 Rxd7 46. Kxg2 Kg6 47. Kf3 Kf5 48. Ke2 Re4+ 49. Kd1 g5 50. hxg5 fxg5 51. Rh6 h4 52. f3 Rc4 53. gxh4 gxh4 54. Rh5+ Kf6 55. d6 Rf4 56. Ke2 Kg6 57. Rxe5 h3 58. Ke3 Rh4 59. Re4 Rh5 60. Rg4+ Kf6 61. Rg1 Ke6 62. f4 Rb5 63. Rg6+ Kf7 64. Rh6 Rb3+ 65. Ke4 Kg7 66. Rh4 Kf6 67. Kd5 Rdb7 68. Kc4 Ke6 69. Rh6+ Kf5 70. Rd5+ Ke4 71. Re6+ Kxf4 72. d7 Rc7+ 73. Kd4 Rxb2 74. Re4+ 1-0

[Event "BL2-Nord 2223"]
[Site "Germany"]
[Date "2022.10.23"]
[Round "2.4"]
[White "Mueller, Nick"]
[Black "Leniart, Arkadiusz"]
[Result "1-0"]
[WhiteElo "2368"]
[BlackElo "2495"]
[PlyCount "139"]
[EventDate "2022.10.22"]
[EventType "team-tourn"]
[EventRounds "10"]
[EventCountry "GER"]
[SourceTitle "EXT 2024"]
[Source "ChessBase"]
[SourceDate "2023.10.10"]
[SourceVersion "1"]
[SourceVersionDate "2023.10.10"]
[SourceQuality "1"]
[WhiteTeam "Koenig Tegel"]
[BlackTeam "Ruedersdorf Glueckauf"]
[WhiteTeamCountry "GER"]
[BlackTeamCountry "GER"]

1. d4 Nf6 2. c4 e6 3. Nc3 d5 4. cxd5 exd5 5. Bg5 c6 6. e3 Be7 7. Bd3 Nbd7 8. Nge2 Nf8 9. Qc2 Ne6 10. Bh4 g6 11. 0-0 0-0 12. Rad1 Bd7 13. Qd2 a5 14. f3 b5 15. Bg3 Nh5 16. Bf2 f5 17. Bc2 Bg5 18. Nc1 Nf6 19. f4 Bh6 20. Bh4 g5 21. fxg5 Ne4 22. Bxe4 fxe4 23. Rxf8+ Bxf8 24. Qf2 Qe8 25. Rf1 Qh5 26. N3e2 Bd6 27. Ng3 Qg6 28. Nce2 Rf8 29. Qe1 Rxf1+ 30. Nxf1 b4 31. Bg3 Nxg5 32. Kh1 Be7 33. Bc7 a4 34. Nf4 Qg7 35. Be5 Qh6 36. Qd1 a3 37. bxa3 bxa3 38. Qb3 Qf8 39. Ng3 Nf7 40. Bc7 Qc8 41. Bb8 Qa6 42. h3 Kf8 43. Be5 Qb5 44. Qd1 Bh4 45. Kh2 Qb4 46. Qh5 Bxg3+ 47. Kxg3 Qe1+ 48. Kh2 Kg8 49. Bf6 Qxe3 50. Qh4 Bf5 51. Be5 Kf8 52. Qf6 Bd7 53. Qg7+ Ke7 54. Qxh7 Be8 55. Qh4+ Kd7 56. Qg4+ Kd8 57. Ne6+ Ke7 58. Bf4 Qf2 59. Bg3 Qxa2 60. Bh4+ Kd6 61. Nc5 Kc7 62. Bg3+ Kd8 63. Bh4+ Kc7 64. Qe6 Qb2 65. Qe7+ Kb8 66. Bg3+ Ka8 67. Qxe8+ Ka7 68. Qxf7+ Ka8 69. Qc7 Qb5 70. Nd7 1-0

[Event "BL2-Nord 1920"]
[Site "Germany"]
[Date "2021.08.08"]
[Round "10.8"]
[White "Mueller, Nick"]
[Black "Engel, Robert"]
[Result "1/2-1/2"]
[WhiteElo "2360"]
[BlackElo "2113"]
[PlyCount "91"]
[EventDate "2019.10.19"]
[EventType "team-tourn"]
[EventRounds "9"]
[EventCountry "GER"]
[SourceTitle "EXT 2023"]
[Source "ChessBase"]
[SourceDate "2022.10.05"]
[SourceVersion "1"]
[SourceVersionDate "2022.10.05"]
[SourceQuality "1"]
[WhiteTeam "Koenig Tegel"]
[BlackTeam "Hamburger SK II"]
[WhiteTeamCountry "GER"]
[BlackTeamCountry "GER"]

1. c4 Nf6 2. Nc3 e5 3. Nf3 Nc6 4. e3 Bb4 5. Qc2 0-0 6. Nd5 Be7 7. a3 h6 8. Be2 d6 9. 0-0 Re8 10. Nxe7+ Qxe7 11. d3 a5 12. b3 Bf5 13. Bb2 Nd7 14. Qc3 Bh7 15. Rfe1 f5 16. d4 e4 17. Nd2 Qg5 18. f4 exf3 19. Bxf3 Nf6 20. b4 axb4 21. axb4 Rxa1 22. Bxa1 Ng4 23. Nf1 Nd8 24. b5 Kh8 25. Bb2 Nf6 26. b6 c6 27. Qa3 Bg8 28. d5 cxd5 29. Qxd6 dxc4 30. Qc7 Ne4 31. Bd4 Qe7 32. Qf4 Qg5 33. Ng3 Nxg3 34. hxg3 Qxf4 35. gxf4 Ne6 36. Be5 Nc5 37. Ra1 Ne4 38. Rd1 Re7 39. Rd8 Kh7 40. Rc8 Bd5 41. Be2 c3 42. Bd3 Be6 43. Rd8 Rd7 44. Rxd7 Bxd7 45. Bxe4 fxe4 46. Bxc3 1/2-1/2

[Event "BL2-Nord 1920"]
[Site "Germany"]
[Date "2020.02.09"]
[Round "8.8"]
[White "Mueller, Nick"]
[Black "Meister, Jakob"]
[Result "1-0"]
[WhiteElo "2360"]
[BlackElo "2410"]
[PlyCount "69"]
[EventDate "2019.10.19"]
[EventType "team-tourn"]
[EventRounds "9"]
[EventCountry "GER"]
[SourceTitle "CBM 194 Extra"]
[Source "ChessBase"]
[SourceDate "2020.03.31"]
[SourceVersion "1"]
[SourceVersionDate "2020.03.31"]
[SourceQuality "1"]
[WhiteTeam "Koenig Tegel"]
[BlackTeam "Zehlendorf"]
[WhiteTeamCountry "GER"]
[BlackTeamCountry "GER"]

1. e4 c5 2. Nf3 Nc6 3. Bb5 Na5 4. d4 a6 5. Bd3 cxd4 6. Nxd4 e5 7. Nf3 d6 8. c4 Be7 9. Nc3 Nf6 10. b3 Bg4 11. h3 Bh5 12. g4 Bg6 13. Qe2 Nc6 14. Bd2 Nd7 15. Nd5 h5 16. g5 h4 17. Qe3 Nc5 18. Rg1 Rc8 19. Rg4 Bh5 20. Rxh4 Nd4 21. Nxd4 exd4 22. Qg3 Nxd3+ 23. Qxd3 Bxg5 24. Bxg5 Qxg5 25. Qg3 Qe5 26. Kd2 Kf8 27. f4 Qe6 28. Rg1 g6 29. Qd3 f6 30. Rxg6 Bxg6 31. Rxh8+ Kg7 32. f5 Qe5 33. Rxc8 Bh5 34. Rc7+ Kh6 35. Ke1 1-0

[Event "Oberliga Nord O 1819"]
[Site "Germany"]
[Date "2018.10.21"]
[Round "1.1"]
[White "Hansch, Karsten"]
[Black "Mueller, Nick"]
[Result "1/2-1/2"]
[WhiteElo "2262"]
[BlackElo "2336"]
[PlyCount "70"]
[EventDate "2018.10.21"]
[EventType "team-tourn"]
[EventRounds "9"]
[EventCountry "GER"]
[SourceTitle "EXT 2020"]
[Source "ChessBase"]
[SourceDate "2019.10.17"]
[SourceVersion "1"]
[SourceVersionDate "2019.10.17"]
[SourceQuality "1"]
[WhiteTeam "Potsdam Empor"]
[BlackTeam "Greifswald"]
[WhiteTeamCountry "GER"]
[BlackTeamCountry "GER"]

1. e4 e5 2. Nf3 Nc6 3. d4 exd4 4. Nxd4 Bb4+ 5. c3 Bc5 6. Nxc6 bxc6 7. Bd3 Ne7 8. Nd2 a5 9. Qh5 d6 10. Nb3 Bb6 11. Bg5 Qd7 12. Nd4 Bxd4 13. cxd4 Ba6 14. Bxa6 Rxa6 15. 0-0 0-0 16. Rac1 f6 17. Bd2 f5 18. Qe2 Raa8 19. e5 f4 20. f3 dxe5 21. dxe5 Qd4+ 22. Kh1 Qxb2 23. Qc4+ Nd5 24. Qxc6 Qxe5 25. Rc5 Rad8 26. Re1 Qd4 27. Bxa5 Rd6 28. Qb5 h6 29. Qc4 Qxc4 30. Rxc4 Ra8 31. Rc5 c6 32. h4 Kf7 33. a3 Rb8 34. Rec1 Rb3 35. Bb4 Nxb4 1/2-1/2

[Event "GER-ch 89th"]
[Site "Dresden"]
[Date "2018.08.04"]
[Round "2"]
[White "Kvetny, Mark"]
[Black "Mueller, Nick"]
[Result "1-0"]
[WhiteElo "2421"]
[BlackElo "2313"]
[PlyCount "97"]
[EventDate "2018.08.03"]
[EventType "swiss"]
[EventRounds "9"]
[EventCountry "GER"]
[SourceTitle "CBM 185 Extra"]
[Source "ChessBase"]
[SourceDate "2018.07.29"]
[SourceVersion "1"]
[SourceVersionDate "2018.07.29"]
[SourceQuality "1"]

1. c4 c6 2. Nf3 d5 3. e3 Nf6 4. Nc3 a6 5. Qc2 g6 6. d4 Bg7 7. Be2 0-0 8. 0-0 Bg4 9. cxd5 cxd5 10. Qb3 Ra7 11. h3 Bxf3 12. Bxf3 e6 13. Bd2 Nc6 14. Na4 e5 15. dxe5 Nxe5 16. Be2 b5 17. Nc3 Nc4 18. Rfd1 Nxd2 19. Rxd2 Rd7 20. Rad1 Qa5 21. Bf3 Rfd8 22. Nxd5 Nxd5 23. Rxd5 Qc7 24. g3 Rxd5 25. Bxd5 Bf6 26. Kg2 Kg7 27. e4 Rd7 28. Rd2 Qc5 29. Qc2 Qxc2 30. Rxc2 Be5 31. Rc6 Rd6 32. Rc2 g5 33. Kf3 h5 34. Ke3 Rf6 35. b3 Bb8 36. Kd3 Ba7 37. f4 gxf4 38. e5 Rg6 39. gxf4 Bb6 40. Ke4 h4 41. Rc8 Rg3 42. Rb8 Bc5 43. Rb7 Rxh3 44. Rxf7+ Kh6 45. Rc7 Rc3 46. Kf5 Bb4 47. Rxc3 Bxc3 48. Kf6 h3 49. Kf7 1-0

[Event "Oberliga Nord O 1718"]
[Site "Germany"]
[Date "2017.12.10"]
[Round "4.2"]
[White "Mueller, Nick"]
[Black "Foerster, Jonas"]
[Result "1/2-1/2"]
[WhiteElo "2310"]
[BlackElo "2274"]
[PlyCount "106"]
[EventDate "2017.10.08"]
[EventType "team-tourn"]
[EventRounds "9"]
[EventCountry "GER"]
[SourceTitle "EXT 2019"]
[Source "ChessBase"]
[SourceDate "2018.10.10"]
[SourceVersion "1"]
[SourceVersionDate "2018.10.10"]
[SourceQuality "1"]
[WhiteTeam "Greifswald"]
[BlackTeam "Berlin Empor"]
[WhiteTeamCountry "GER"]
[BlackTeamCountry "GER"]

1. d4 Nf6 2. c4 e6 3. Nf3 b6 4. a3 Bb7 5. Nc3 Be7 6. Bf4 0-0 7. Rc1 d6 8. h3 Nbd7 9. e3 Ne4 10. Nxe4 Bxe4 11. Bd3 Bxd3 12. Qxd3 c5 13. 0-0 Nf6 14. Rfd1 Qc8 15. Bg3 Qb7 16. d5 e5 17. e4 a6 18. b4 Nd7 19. Rb1 Rfc8 20. Nd2 Qc7 21. f4 Bf6 22. b5 axb5 23. Rxb5 exf4 24. Bxf4 Be5 25. Be3 Ra4 26. Nf3 Rca8 27. Bc1 R4a5 28. Qb3 R5a6 29. Rd3 h6 30. Qb1 Ra5 31. Rdb3 Rxb5 32. Rxb5 Ra6 33. Qd3 Qd8 34. Rb3 Qf6 35. Be3 Bf4 36. Bxf4 Qxf4 37. Qe3 Qf6 38. Qc3 Qe7 39. Qc2 Ne5 40. Nxe5 Qxe5 41. Qd3 h5 42. Rb1 g6 43. Rb3 Kg7 44. Kf2 Qd4+ 45. Qxd4+ cxd4 46. Rd3 Kf6 47. Rxd4 Rxa3 48. Rd2 Rb3 49. Ra2 Rb4 50. Ra8 Rxc4 51. Ke3 Rb4 52. h4 b5 53. Rd8 Ke7 1/2-1/2

[Event "Oberliga Nord O 1718"]
[Site "Germany"]
[Date "2017.10.23"]
[Round "2.1"]
[White "Sawlin, Leonid"]
[Black "Mueller, Nick"]
[Result "0-1"]
[WhiteElo "2359"]
[BlackElo "2310"]
[PlyCount "56"]
[EventDate "2017.10.08"]
[EventType "team-tourn"]
[EventRounds "9"]
[EventCountry "GER"]
[SourceTitle "EXT 2019"]
[Source "ChessBase"]
[SourceDate "2018.10.10"]
[SourceVersion "1"]
[SourceVersionDate "2018.10.10"]
[SourceQuality "1"]
[WhiteTeam "Berlin Makkabi"]
[BlackTeam "Greifswald"]
[WhiteTeamCountry "GER"]
[BlackTeamCountry "GER"]

1. e4 c5 2. Nf3 d6 3. d4 cxd4 4. Nxd4 Nf6 5. Nc3 a6 6. Bg5 e6 7. f4 h6 8. Bh4 Qb6 9. a3 Be7 10. Bf2 Qc7 11. Qf3 Nbd7 12. g4 g5 13. Nde2 gxf4 14. Qxf4 Ne5 15. h3 Bd7 16. 0-0-0 b5 17. Rg1 Rb8 18. Qe3 b4 19. axb4 Rxb4 20. Qa7 Qa5 21. Nd4 Qa1+ 22. Kd2 Qxb2 23. Rb1 Nxe4+ 24. Nxe4 Qxb1 25. Bb5 Rxd4+ 26. Bxd4 Qxb5 27. Kc1 Bc6 28. Bb6 Nd7 0-1

[Event "Oberliga Nord O 1718"]
[Site "Germany"]
[Date "2017.10.08"]
[Round "1.1"]
[White "Mueller, Nick"]
[Black "Kapp, Martin"]
[Result "1-0"]
[WhiteElo "2310"]
[BlackElo "2225"]
[PlyCount "97"]
[EventDate "2017.10.08"]
[EventType "team-tourn"]
[EventRounds "9"]
[EventCountry "GER"]
[SourceTitle "EXT 2019"]
[Source "ChessBase"]
[SourceDate "2018.10.10"]
[SourceVersion "1"]
[SourceVersionDate "2018.10.10"]
[SourceQuality "1"]
[WhiteTeam "Greifswald"]
[BlackTeam "Cottbus Lokomotive"]
[WhiteTeamCountry "GER"]
[BlackTeamCountry "GER"]

1. e4 e6 2. d4 d5 3. Nc3 Bb4 4. e5 c5 5. a3 Bxc3+ 6. bxc3 Ne7 7. Qg4 0-0 8. Bd3 Qa5 9. Bd2 Nbc6 10. Qh5 Ng6 11. Nf3 Nce7 12. dxc5 b6 13. cxb6 axb6 14. 0-0 Ba6 15. Rfb1 Bxd3 16. cxd3 Qa6 17. d4 f6 18. Qh3 Nf5 19. exf6 Rxf6 20. Re1 Qd3 21. Bg5 Raf8 22. Bxf6 Rxf6 23. Ng5 Qxh3 24. Nxh3 Nd6 25. Ng5 Nf8 26. Rab1 Nc4 27. a4 h6 28. Nf3 Nd7 29. Re2 g5 30. Nd2 Nxd2 31. Rxd2 Rf8 32. f3 Rc8 33. Rd3 Rc6 34. Kf2 Nf6 35. Re3 Kf7 36. Rb5 Ne8 37. a5 bxa5 38. Rxa5 Nd6 39. Rc5 Ra6 40. g4 Kf6 41. Re2 Nf7 42. Rc8 Nd6 43. Rc7 Nc4 44. Kg3 e5 45. Rh7 Ra3 46. dxe5+ Nxe5 47. Rc7 d4 48. cxd4 Nxf3 49. Rf2 1-0

[Event "Mecklenburg VP-ch MT"]
[Site "Greifswald"]
[Date "2017.05.01"]
[Round "5.1"]
[White "Woll, Wilfried"]
[Black "Mueller, Nick"]
[Result "0-1"]
[WhiteElo "2091"]
[BlackElo "2236"]
[PlyCount "52"]
[EventDate "2017.04.29"]
[EventType "swiss"]
[EventRounds "7"]
[EventCountry "GER"]
[SourceTitle "EXT 2023"]
[Source "ChessBase"]
[SourceDate "2022.10.05"]
[SourceVersion "1"]
[SourceVersionDate "2022.10.05"]
[SourceQuality "1"]

1. c4 c6 2. g3 d5 3. Nf3 Nf6 4. Bg2 Bg4 5. 0-0 e6 6. Ne5 Bh5 7. cxd5 exd5 8. d4 Nbd7 9. Bg5 Be7 10. Nd2 Nxe5 11. dxe5 Nd7 12. Bxe7 Qxe7 13. f4 f6 14. Bh3 fxe5 15. fxe5 Nxe5 16. Qb3 Bf7 17. Rf2 0-0 18. Raf1 Rae8 19. Qa4 b6 20. e4 Nd3 21. Re2 Qc5+ 22. Kg2 Bh5 23. g4 Bg6 24. Qxa7 Nf4+ 25. Rxf4 Rxf4 26. Qc7 Ref8 0-1

[Event "Mecklenburg VP-ch MT"]
[Site "Greifswald"]
[Date "2017.04.29"]
[Round "1.2"]
[White "Bress, Aaron"]
[Black "Mueller, Nick"]
[Result "0-1"]
[WhiteElo "1769"]
[BlackElo "2236"]
[PlyCount "56"]
[EventDate "2017.04.29"]
[EventType "swiss"]
[EventRounds "7"]
[EventCountry "GER"]
[SourceTitle "EXT 2023"]
[Source "ChessBase"]
[SourceDate "2022.10.05"]
[SourceVersion "1"]
[SourceVersionDate "2022.10.05"]
[SourceQuality "1"]

1. e4 c6 2. d4 d5 3. Nc3 dxe4 4. Nxe4 Bf5 5. Ng3 Bg6 6. Nf3 e6 7. h4 h6 8. h5 Bh7 9. Bd3 Bxd3 10. Qxd3 Bb4+ 11. c3 Be7 12. Bd2 Qa5 13. c4 Qd8 14. Bc3 Nf6 15. 0-0-0 0-0 16. Ne4 Nbd7 17. Kb1 b5 18. Nxf6+ Nxf6 19. cxb5 cxb5 20. Qxb5 Rb8 21. Qd3 Qd5 22. Ne5 Rfc8 23. f3 Qb7 24. Ka1 Nd5 25. Rb1 Bb4 26. Rhc1 Nxc3 27. bxc3 Bxc3+ 28. Rxc3 Qxb1+ 0-1

[Event "Oberliga Nord O 1617"]
[Site "Germany"]
[Date "2017.03.19"]
[Round "7.1"]
[White "Mueller, Nick"]
[Black "Sawlin, Leonid"]
[Result "1-0"]
[WhiteElo "2220"]
[BlackElo "2299"]
[PlyCount "109"]
[EventDate "2016.10.16"]
[EventType "team-tourn"]
[EventRounds "9"]
[EventCountry "GER"]
[SourceTitle "EXT 2018"]
[Source "ChessBase"]
[SourceDate "2017.10.13"]
[SourceVersion "1"]
[SourceVersionDate "2017.10.13"]
[SourceQuality "1"]
[WhiteTeam "Greifswald"]
[BlackTeam "Berlin Makkabi"]
[WhiteTeamCountry "GER"]
[BlackTeamCountry "GER"]

1. d4 e6 2. Nf3 d5 3. c4 Nf6 4. Nc3 Be7 5. Bf4 c6 6. e3 Nbd7 7. Qc2 Nh5 8. Bg3 h6 9. Be2 0-0 10. 0-0 Nxg3 11. hxg3 Qa5 12. Nd2 Nf6 13. a3 Qd8 14. b4 b6 15. c5 bxc5 16. bxc5 e5 17. Rfb1 exd4 18. exd4 h5 19. Nf1 g6 20. Ne3 Kg7 21. Qa4 Qc7 22. Ba6 Ng4 23. Bxc8 Qxc8 24. Ncd1 Rh8 25. Qc2 h4 26. Qe2 Nxe3 27. Nxe3 Bf6 28. Rd1 hxg3 29. fxg3 Qe6 30. Qf3 Rh5 31. Ng4 Rf5 32. Qd3 Re8 33. Nxf6 Rxf6 34. Rf1 Rxf1+ 35. Rxf1 Qe3+ 36. Qxe3 Rxe3 37. Rf3 Re1+ 38. Kf2 Rd1 39. Ke3 f5 40. Rf2 Ra1 41. g4 fxg4 42. Kf4 Rxa3 43. Ke5 Kh6 44. Kd6 Ra6 45. Kc7 Kg5 46. Kb7 Ra4 47. Kxc6 Rxd4 48. Kd7 Rc4 49. c6 Kh4 50. c7 Kg3 51. Rd2 Kf4 52. Rxd5 Ke3 53. c8Q Rxc8 54. Kxc8 g3 55. Ra5 1-0

[Event "Mecklenburg VP-ch MT"]
[Site "Greifswald"]
[Date "2016.04.30"]
[Round "6.2"]
[White "Woll, Wilfried"]
[Black "Mueller, Nick"]
[Result "1/2-1/2"]
[WhiteElo "2133"]
[BlackElo "2199"]
[PlyCount "100"]
[EventDate "2016.04.28"]
[EventType "swiss"]
[EventRounds "7"]
[EventCountry "GER"]
[SourceTitle "EXT 2023"]
[Source "ChessBase"]
[SourceDate "2022.10.05"]
[SourceVersion "1"]
[SourceVersionDate "2022.10.05"]
[SourceQuality "1"]

1. c4 g6 2. g3 Bg7 3. Bg2 c5 4. Nc3 Nc6 5. e4 Nf6 6. Nge2 0-0 7. 0-0 Ne8 8. d3 Nc7 9. Be3 Ne6 10. Qd2 Ned4 11. f4 d6 12. h3 a6 13. g4 Rb8 14. Ng3 Nb4 15. Rac1 b5 16. Nh1 bxc4 17. dxc4 Be6 18. b3 Qa5 19. f5 Bd7 20. Nf2 Ndc6 21. Bh6 Bd4 22. Bxf8 Rxf8 23. a4 Qd8 24. Ne2 Be5 25. Nd3 Nxd3 26. Qxd3 Qb6 27. g5 Rb8 28. Rb1 Qb4 29. h4 Kg7 30. Bh3 f6 31. Rf2 Nd4 32. Rg2 Nxe2+ 33. Rxe2 Qc3 34. Qxc3 Bxc3 35. Ra2 Bc6 36. Bg2 Be5 37. Kf2 a5 38. Bf3 fxg5 39. hxg5 Rf8 40. Ke3 gxf5 41. exf5 Bxf3 42. Kxf3 Rxf5+ 43. Ke4 Rxg5 44. Rf2 h5 45. Rbf1 Bf6 46. Rf5 Rg3 47. R1f3 Rg4+ 48. R3f4 Rg3 49. Rf3 Rg4+ 50. R3f4 Rg3 1/2-1/2

[Event "Mecklenburg VP-ch MT"]
[Site "Greifswald"]
[Date "2016.04.29"]
[Round "3.5"]
[White "Mueller, Nick"]
[Black "Wolter, Guenter"]
[Result "1-0"]
[WhiteElo "2199"]
[BlackElo "1834"]
[PlyCount "31"]
[EventDate "2016.04.28"]
[EventType "swiss"]
[EventRounds "7"]
[EventCountry "GER"]
[SourceTitle "EXT 2023"]
[Source "ChessBase"]
[SourceDate "2022.10.05"]
[SourceVersion "1"]
[SourceVersionDate "2022.10.05"]
[SourceQuality "1"]

1. d4 Nf6 2. c4 e6 3. g3 c5 4. d5 d6 5. Nc3 e5 6. Bg2 Bf5 7. Nf3 Be7 8. Nxe5 dxe5 9. d6 e4 10. dxe7 Qxd1+ 11. Nxd1 Kxe7 12. Bg5 Nbd7 13. Ne3 Ke6 14. 0-0-0 h6 15. Bf4 g5 16. Rd6+ 1-0